000 00829cam a2200253 c 4500
001 a4999418
003 CO-ViMGA
005 20230915224412.0
008 110221s2010 sp a | |||| 000 1 spa
020 _a9788498855371
040 _aCO-ViMGA
_bspa
_cCO-ViMGA
041 1 _heng
082 _a741.5
_bG83l
100 1 _aGuggenheim, Marc
_d1970-
_99169
245 1 0 _aLobezno /
_h[Texto impreso]
_cGuggenheim, Ramos ; [traducción, Santiago García]
260 _aTorroella de Montgrí, Girona
_bPanini España ;
_aBarcelona
_bdistribución, SD Distribuciones
_cD.L. 2010.
300 _a[176] p.
_bprincipalmente il. col.
_c27 cm.
490 0 _aCivil war
490 0 _aMarvel deluxe
650 1 4 _aComics
_9284
650 1 4 _aTiras comicas, historietas, etc.
_92479
700 1 _aRamos, Humberto
_d1970-
_99170
942 _2ddc
_cBK
999 _c10324
_d10324